Kríza v Kovohutách Slovenská cesta privatizácie

Bibliographic Details
Main Author: Angelovič, Marián (Author)
Corporate Author: Kovohuty, Krompachy (Author)
Format: Article
Language:Slovak
Subjects:

MARC

LEADER 00000nab a2200000 a 4500
001 vtls001018816
003 SK-MaSNL
005 20260304022340.0
008 040720e19981207xo 0 slo
035 |a SN4754 
040 |a SNSK  |b slo  |c SNSK  |e AACR2 
041 0 |a slo 
044 |a xo  |c SK 
080 |a 669.1  |2 1981 
100 1 |a Angelovič, Marián  |4 aut  |9 435108 
245 1 0 |a Kríza v Kovohutách  |b Slovenská cesta privatizácie 
610 2 7 |a Kovohuty Krompachy  |2 SNSK  |9 125498 
610 2 7 |a 669.187  |2 SNSK  |9 1021402 
650 0 7 |a privatizácia  |2 SNSK  |9 2343 
650 0 7 |a problémy  |2 SNSK  |9 354460 
650 0 7 |a prepúšťanie zamestnancov  |2 SNSK  |9 29116 
650 0 7 |a články informačné  |2 SNSK  |9 1017188 
651 7 |a Krompachy (Slovensko)  |2 SNSK  |9 43389 
651 7 |a SN,  |2 SNSK  |9 1021277 
655 7 |a periodikum  |2 snkbucl  |9 29553 
710 2 |a Kovohuty, Krompachy  |4 aut  |9 1021403 
773 0 8 |t Pravda  |g Roč. 8, č.283, 7.12.1998, s. 1-2 
852 |a ZVYKNI  |b KIS3GCP 
999 |c 2610941  |d 2612871